| 000 | 00757nas a2200277 i 4500 | ||
|---|---|---|---|
| 001 | 157 | ||
| 003 | ES-MaACL | ||
| 005 | 20250828062524.0 | ||
| 007 | t| | ||
| 008 | 950801c1902 sp | | 1 ||pa d | ||
| 080 | _a37 | ||
| 245 | 0 | 0 | _aAnales de la Universidad de Oviedo. |
| 260 |
_aOviedo : _bUniversidad de Oviedo, _c1902- |
||
| 300 |
_a9 v. ; _c23 cm. |
||
| 310 | _aMensual | ||
| 362 | 0 | _aT. I (1901)- | |
| 650 | 4 |
_aInstituciones cientÃficas y diversas _913829 |
|
| 650 | 7 |
_aEducación _2embne _912073 |
|
| 655 | 7 |
_2tgfbne _9226866 _aRevistas |
|
| 710 | 2 |
_aUniversidad de Oviedo. _97260 |
|
| 852 |
_aES-MaACL _jP-657 _cDEPO2 |
||
| 866 | 0 | _o1901-1910,1943-1949. | |
| 942 |
_2udc _cPERIODICA |
||
| 999 |
_c157 _d157 |
||